000 00321nam a2200133Ia 4500
005 20251222144816.0
008 251222s9999||||xx |||||||||||||| ||spa||
020 _a84-7278-029-5
082 _a371.207/S29
100 _aSchwartz, Bertrand
245 0 _aProyecto de Educación Permanente
264 _bICCE
942 _cLIB
999 _c20299
_d20299